Lord Riddell's war diary, 1914-1918. (Record no. 552498)
[ view plain ]
| 000 -LEADER | |
|---|---|
| fixed length control field | 00687cam a22001813 4500 |
| 082 0# - DEWEY DECIMAL CLASSIFICATION NUMBER | |
| Classification number | 940.4 |
| Author Mark | LOR |
| 100 1# - MAIN ENTRY--PERSONAL NAME | |
| Personal name | Riddell, George Allardice Riddell, |
| 9 (RLIN) | 49718 |
| 245 00 - TITLE STATEMENT | |
| Title | Lord Riddell's war diary, 1914-1918. |
| 260 ## - PUBLICATION, DISTRIBUTION, ETC. | |
| Place of publication, distribution, etc. | London, |
| Name of publisher, distributor, etc. | I. Nicholson & Watson, limited |
| Date of publication, distribution, etc. | [1933] |
| 300 ## - PHYSICAL DESCRIPTION | |
| Extent | xi, 387 p. |
| Other physical details | front., plates, ports., facsim. |
| Dimensions | 23 cm. |
| 500 ## - GENERAL NOTE | |
| General note | "First edition May 1933; reprinted June 1933." |
| 526 ## - STUDY PROGRAM INFORMATION NOTE | |
| Program name | 0 |
| Interest level | 0 |
| Reading level | 0 |
| Title point value | 940_400000000000000_LOR |
| 650 #0 - SUBJECT ADDED ENTRY--TOPICAL TERM | |
| Topical term or geographic name entry element | MCE |
| 9 (RLIN) | 379 |
| 650 #0 - SUBJECT ADDED ENTRY--TOPICAL TERM | |
| Topical term or geographic name entry element | World War, 1914-1918 |
| General subdivision | Censorship |
| Geographic subdivision | Great Britain. |
| 9 (RLIN) | 49368 |
| 650 #0 - SUBJECT ADDED ENTRY--TOPICAL TERM | |
| Topical term or geographic name entry element | World War, 1914-1918 |
| General subdivision | Press correspondents. |
| 9 (RLIN) | 49719 |
| 650 #0 - SUBJECT ADDED ENTRY--TOPICAL TERM | |
| Topical term or geographic name entry element | World War, 1914-1918 |
| Geographic subdivision | Great Britain. |
| 9 (RLIN) | 49303 |
| 942 ## - ADDED ENTRY ELEMENTS (KOHA) | |
| Source of classification or shelving scheme | |
| Koha item type | Book |
| Withdrawn status | Lost status | Source of classification or shelving scheme | Damaged status | Not for loan | Permanent Location | Current Location | Shelving location | Date acquired | Total Checkouts | Full call number | Barcode | Date last seen | Price effective from | Koha item type |
|---|---|---|---|---|---|---|---|---|---|---|---|---|---|---|
| Military College of Engineering (MCE) | Military College of Engineering (MCE) | 01/16/2015 | 940.4 LOR | MCE-ECL/47 | 01/16/2015 | 01/16/2015 | Book |
